000 00361nam a2200145Ia 4500
008 230711s9999||||xx |||||||||||||| ||und||
041 _aENG
082 _a621.31
_bGU-P
100 _aGupta,B.R
245 0 _aPower system analysis and design
250 _a1st
260 _c2007
_aNew Delhi
_bS.Chand & Company Ltd
650 _aElectrical Engineering
942 _cBK
999 _c110
_d110